02248nam a2200229Mi 450000500170000000800410001703500210005804000560007904100080013508200160014310000460015924202440020524502340044926000870068330000400077050004810081050505910129150600220188254600220190465000420192665000500196820140903175122.0940223s1533 fr fr 001 0dlatsd a(OCoLC)797824203 aIT-TrCBbitacSandra YazodSandra Yazo (modificó)0 alat04220a270.0920 aGregorybI.cPope,dapproximately 540-60400aObras que se conservan del Papa San Gregorio, primero con este nombre, conocido como MagnobRecientemente corregidas con gran cuidado según los ejemplares antiguos y elaboradas con formas más elegantes que las usadas hasta ahora.yspa00aDivi Gregorii Papae, huius nominis primi, cognomento magni omnia quae extant, opera.cnunc recens ad fidem veterum exemplariorum, accuratiore diligentia a mendis repurgata et elegantioribus formulis quam unquam antehac excusa ... aParisiis [París] (Francia)bapud Claudium Chevallonium [Claudio Chevallon]c1533 a[62], 465, [1] folios.c39 x 26 cm. aDetalles físicos: Encuadernación rígida, en madera forrada en cuero. Sin lomo. Tapas decoradas con repujados y desprendidas, conserva parte de los cierres del libro. Guardas rotas. Portada impresa en una sola tinta con un grabado, rota y varias anotaciones. Texto impreso en dos columnas, muy densas, en caracteres romanos. Márgenes amplios. Algunas apostillas marginales y mayúsculas capitales. Signaturas. Reclamos. Colofón. Varias hojas sueltas y deterioradas. 2 aVidas de San Gregorio el Grande, por autores diversos ; El “Símbolo” [= Credo] de San Gregorio Papa ; Narración del milagro por el cual se encontraron las obras del Santo -- Obras de San Gregorio I Magno: Exposiciones morales sobre el libro de Job ; Libro sobre el cuidado pastoral ; Vida y milagros de los Padres itálicos ; Diálogos sobre la eternidad del alma ; Explicación del Cantar de los Cantares ; Homilías sobre el profeta Ezequiel ; Homilías sobre diferentes textos del Evangelio ; Explicación sobre los siete Salmos Penitenciales ; Doce libros de cartas. aConsulta en sala. aTexto en latín. 7aLiteratura cristianaxautores latinos 7aPadres de la iglesiaxObras anteriores a 1800